000
00314nam a2200133Ia 4500
005
20260328104340.0
008
260328s9999||||xx |||||||||||||| ||und||
100
_a
Jodidio, Philip
245
0
_a
Richard Meier /
_c
Philip Jodidio
260
_b
Taschen
300
_a
1175 p.
650
_a
ARQUITECTOS
942
_c
BK
999
_c
12049
_d
12049